[Event "ch-city"]
[Site "Milanowek"]
[Date "2009.06.22"]
[Round "3.2"]
[White "Goslawski, Michal"]
[Black "Nguyen, Piotr"]
[Result "0-1"]
[WhiteElo "1999"]
[BlackElo "2360"]
[PlyCount "75"]
[EventDate "2009.06.20"]
[EventRounds "9"]
[EventCountry "POL"]

1. d4 Nf6 2. c4 e6 3. g3 Bb4+ 4. Bd2 Qe7 5. Bg2 O-O 6. Nc3 d6 7. a3 Bxc3 8.
Bxc3 e5 9. dxe5 dxe5 10. Qc2 Rd8 11. e3 Nbd7 12. Nf3 e4 13. Nd2 Re8 14. b4 b6
15. O-O Bb7 16. a4 c5 17. b5 a5 18. bxa6 Rxa6 19. Nb3 Ne5 20. Bxe5 Qxe5 21. a5
bxa5 22. Rxa5 Rxa5 23. Nxa5 Bc8 24. Rb1 h5 25. h4 Bg4 26. Rb5 Bd7 27. Rb1 Bg4
28. Rb5 Qa1+ 29. Qb1 Qc3 30. Nb7 Ra8 31. Rb2 Rb8 32. Rb3 Qe5 33. Qa2 Bf3 34.
Nxc5 Rd8 35. Rb5 Rd1+ 36. Bf1 Qf5 37. Qa8+ Kh7 38. Ne6 0-1

[Event "ch-city"]
[Site "Milanowek"]
[Date "2009.06.22"]
[Round "3.3"]
[White "Matuszewski, Michal"]
[Black "Solnicki, Michal"]
[Result "1-0"]
[WhiteElo "2316"]
[BlackElo "1997"]
[PlyCount "65"]
[EventDate "2009.06.20"]
[EventRounds "9"]
[EventCountry "POL"]

1. e4 c5 2. Nf3 g6 3. c4 Nc6 4. d4 cxd4 5. Nxd4 Nf6 6. Nc3 d6 7. Nc2 Bg7 8. Be2
O-O 9. O-O a5 10. Be3 Nd7 11. Qd2 Nc5 12. f3 b6 13. Rab1 Be6 14. b3 f5 15. a3
Rc8 16. b4 Nd7 17. Nd5 fxe4 18. fxe4 Rxf1+ 19. Rxf1 Nce5 20. Nd4 Bf7 21. Bh6
Nf6 22. Bxg7 Kxg7 23. Qf4 Nxc4 24. Bg4 Nxg4 25. Qxf7+ Kh8 26. Nxe7 Nce5 27. Qe6
Rc7 28. Nd5 Rc4 29. Nb5 Rc6 30. Ne7 Rc2 31. h3 Rxg2+ 32. Kxg2 Ne3+ 33. Kh1 1-0

[Event "ch-city"]
[Site "Milanowek"]
[Date "2009.06.22"]
[Round "3.4"]
[White "Grochulski, Grzegorz"]
[Black "Szymczak, Rafal"]
[Result "1/2-1/2"]
[WhiteElo "1949"]
[BlackElo "2025"]
[PlyCount "50"]
[EventDate "2009.06.20"]
[EventRounds "9"]
[EventCountry "POL"]

1. e4 d5 2. exd5 Qxd5 3. Nf3 Nf6 4. d4 e6 5. g3 c5 6. Bg2 cxd4 7. Qxd4 Nc6 8.
Qxd5 Nxd5 9. a3 b5 10. O-O Bb7 11. b3 Be7 12. Bb2 O-O 13. Nbd2 Rac8 14. c4 bxc4
15. Nxc4 Ba6 16. Rac1 Bxc4 17. Rxc4 Na5 18. Ra4 Nxb3 19. Rxa7 Ra8 20. Rxa8 Rxa8
21. Nd4 Bf6 22. Nxb3 Bxb2 23. Rd1 Bxa3 24. Bxd5 exd5 25. Rxd5 Be7 $11 1/2-1/2

[Event "ch-city"]
[Site "Milanowek"]
[Date "2009.06.22"]
[Round "3.5"]
[White "Rozowski, Marcin"]
[Black "Adamski, Jan"]
[Result "0-1"]
[WhiteElo "1795"]
[BlackElo "2300"]
[PlyCount "56"]
[EventDate "2009.06.20"]
[EventRounds "9"]
[EventCountry "POL"]

1. e4 c5 2. Nf3 e6 3. d4 cxd4 4. Nxd4 Qb6 5. Nc3 Bc5 6. Na4 Qa5+ 7. Nc3 Qb6 8.
Na4 Qa5+ 9. Nc3 Bb4 10. Bd2 Nc6 11. Nxc6 dxc6 12. Qg4 Bf8 13. Bd3 Qc7 14. O-O
Nf6 15. Qg3 Qxg3 16. hxg3 e5 17. Rfe1 Be6 18. Ne2 Bc5 19. Bc3 Ng4 20. Rf1 h5
21. Nc1 h4 22. gxh4 Rxh4 23. Ne2 O-O-O 24. a3 Rdh8 25. Ng3 g6 26. Rae1 f6 27.
a4 Nh2 28. b4 Bg4 0-1

[Event "ch-city"]
[Site "Milanowek"]
[Date "2009.06.22"]
[Round "3.6"]
[White "Borowicz, Przemyslaw"]
[Black "Kolinski, Daniel"]
[Result "1-0"]
[WhiteElo "1996"]
[BlackElo "1742"]
[PlyCount "75"]
[EventDate "2009.06.20"]
[EventRounds "9"]
[EventCountry "POL"]

1. d4 Nf6 2. c4 e6 3. Nf3 c5 4. d5 d6 5. Nc3 Be7 6. e4 O-O 7. Bd3 a6 8. O-O
Nbd7 9. a3 exd5 10. exd5 Ne5 11. Nxe5 dxe5 12. Re1 Qc7 13. Bg5 Re8 14. f4 Bg4
15. Qd2 exf4 16. Bxf4 Bd6 17. Bxd6 Qxd6 18. Qf2 Re5 19. Rxe5 Qxe5 20. Qxc5 Qg5
21. Qf2 Re8 22. Re1 Rxe1+ 23. Qxe1 Bh3 24. Bf1 Bd7 25. Ne4 Nxe4 26. Qxe4 Qf6
27. b4 h6 28. Qe3 Qb2 29. Bd3 g6 30. Bf1 Kg7 31. h3 Ba4 32. d6 Bc6 33. Be2 Qf6
34. c5 Qa1+ 35. Kh2 Qe1 36. Qd4+ Kg8 37. Bc4 Qc1 38. Bd5 1-0

[Event "ch-city"]
[Site "Milanowek"]
[Date "2009.06.22"]
[Round "3.7"]
[White "Lasota, Adam"]
[Black "Ponceleusz, Bronislaw"]
[Result "1/2-1/2"]
[WhiteElo "1753"]
[BlackElo "1965"]
[PlyCount "120"]
[EventDate "2009.06.20"]
[EventRounds "9"]
[EventCountry "POL"]

1. d4 Nf6 2. c4 c6 3. Nc3 d5 4. Nf3 a6 5. c5 g6 6. Bf4 Bg7 7. h3 O-O 8. e3 Nbd7
9. Be2 b6 10. b4 Nh5 11. Qd2 Nxf4 12. exf4 bxc5 13. bxc5 f6 14. O-O Kh8 15. Na4
e5 16. Rab1 Bh6 17. Nb6 Bxf4 18. Qc3 Ra7 19. Nxd7 Rxd7 20. dxe5 d4 21. Qd3 Rd5
22. Qa3 d3 23. Bd1 Bxe5 24. Bb3 Rd7 25. Be6 Rc7 26. Bxc8 Rxc8 27. Rbd1 Rb8 28.
Rxd3 Qe7 29. Re1 Rb5 30. Nxe5 fxe5 31. Rd6 Qf7 32. Qe3 e4 33. Rxc6 Kg8 34. Rxa6
Rb2 35. Rf1 Qc4 36. Ra3 Rc2 37. Ra7 Qxc5 38. Qb3+ Qc4 39. Qxc4+ Rxc4 40. a4 Rc2
41. Re7 Ra8 42. Rxe4 Ra2 43. Rb1 R2xa4 44. Rxa4 Rxa4 45. Rb7 Ra2 46. g3 Ra3 47.
Kg2 Rc3 48. h4 h5 49. Re7 Ra3 50. Re3 Ra7 51. f3 Kf7 52. g4 Kf6 53. Kg3 Ra5 54.
Re8 Rb5 55. Rf8+ Kg7 56. Rf4 hxg4 57. fxg4 g5 58. hxg5 Rxg5 59. Rf5 Rg6 60. Kf4
Ra6 1/2-1/2

[Event "ch-city"]
[Site "Milanowek"]
[Date "2009.06.22"]
[Round "3.8"]
[White "Jarmuzynska, Kamila"]
[Black "Staniak, Mariusz"]
[Result "0-1"]
[WhiteElo "1697"]
[BlackElo "1949"]
[PlyCount "132"]
[EventDate "2009.06.20"]
[EventRounds "9"]
[EventCountry "POL"]

1. Nf3 Nf6 2. c4 e6 3. Nc3 c5 4. d4 cxd4 5. Nxd4 Nc6 6. Nxc6 bxc6 7. g3 Bc5 8.
e3 O-O 9. Bg2 d5 10. cxd5 cxd5 11. O-O Ba6 12. Re1 Rb8 13. a3 Qe7 14. b4 Bd6
15. Bb2 Rfc8 16. Qa4 Bc4 17. Rac1 Ng4 18. f4 a6 19. Bf3 Nf6 20. Rcd1 h5 21. Rd2
a5 22. Qxa5 Ra8 23. Qb6 Ra6 24. Qd4 e5 25. fxe5 Bxe5 26. Qh4 d4 27. Ne4 dxe3
28. Rxe3 Qa7 29. Nc5 Bxb2 30. Rxb2 Rxa3 31. Rxa3 Qxa3 32. Rf2 Qxb4 33. Ne4 $11
Qe1+ 34. Kg2 Ng4 35. Bxg4 Qxe4+ 36. Bf3 Qxh4 37. gxh4 g6 38. Kg3 Be6 39. Be4
Rc4 40. Bf3 Rc3 41. Kf4 Rc4+ 42. Kg3 Rd4 43. Rb2 Kg7 44. Rf2 Rb4 45. Rd2 Bg4
46. Bg2 Rb3+ 47. Kf2 Kf6 48. Ra2 Be6 49. Ra4 Ke5 50. Re4+ Kd6 51. Ra4 Kc5 52.
Ra5+ Kb4 53. Ra7 Kc3 54. Bf3 Kd2 55. Ra2+ Kc3 56. Ra7 Rb2+ 57. Kg3 Kd2 58. Ra6
Ke3 59. Ra4 Bf5 60. Ra3+ Kd2 61. Ra7 Be6 62. Ra3 Rb3 63. Ra2+ Kc1 64. Ra1+ Kb2
65. Ra7 Bd5 66. h3 Rxf3+ 0-1

[Event "ch-city"]
[Site "Milanowek"]
[Date "2009.06.22"]
[Round "3.9"]
[White "Kowalska, Elzbieta"]
[Black "Wyszomirski, Krzysztof"]
[Result "1-0"]
[WhiteElo "1910"]
[BlackElo "1683"]
[PlyCount "101"]
[EventDate "2009.06.20"]
[EventRounds "9"]
[EventCountry "POL"]

1. e4 c5 2. Nf3 Nc6 3. d4 cxd4 4. Nxd4 e6 5. Nc3 a6 6. Be2 Nge7 7. O-O Qc7 8.
Kh1 Nxd4 9. Qxd4 Nc6 10. Qd1 Be7 11. f4 O-O 12. Bf3 Rb8 13. Ne2 d6 14. c3 b5
15. Be3 Na5 16. b3 Nc6 17. Rc1 Bb7 18. Nd4 Rbc8 19. Qe2 Rfd8 20. Qf2 Qd7 21.
Rfd1 Bf8 22. Nxc6 Bxc6 23. e5 Be7 24. exd6 Bxf3 25. Qxf3 Bf6 26. Bb6 Re8 27. c4
Rc6 28. c5 Rec8 29. Re1 Bd4 30. b4 Bb2 $11 31. Rb1 Bf6 32. g4 Qb7 33. Qg2 Qd7
34. h3 Bc3 35. Re2 g6 36. Qe4 Bg7 37. Kg2 Re8 38. Bc7 Kf8 39. g5 Kg8 $11 40.
Rf1 Kf8 41. h4 Rc8 42. h5 Kg8 43. Rh1 Re8 44. Qf3 Bh8 45. Kf1 a5 46. Bxa5 e5
47. Qh3 Rxd6 48. cxd6 Qxd6 49. hxg6 Qxg6 50. Bc7 Rc8 51. Qxc8+ 1-0

[Event "ch-city"]
[Site "Milanowek"]
[Date "2009.06.22"]
[Round "3.10"]
[White "Chmielewska, Joanna"]
[Black "Borowicz, Miroslaw"]
[Result "1/2-1/2"]
[WhiteElo "1671"]
[BlackElo "1858"]
[PlyCount "57"]
[EventDate "2009.06.20"]
[EventRounds "9"]
[EventCountry "POL"]

1. e4 c6 2. d4 d5 3. Nc3 dxe4 4. Nxe4 Nd7 5. Bc4 Ngf6 6. Ng5 e6 7. Ne2 Bd6 8.
O-O Nb6 9. Bb3 Qc7 10. h3 O-O 11. Nc3 Rd8 12. Be3 c5 13. Nb5 Qc6 14. Nxd6 Rxd6
15. c3 c4 16. Bc2 Nbd5 17. Qf3 b5 18. Bxh7+ Nxh7 19. Qxf7+ Kh8 20. Qh5 Ndf6 21.
Nf7+ Kg8 22. Qg6 Qe8 23. Nh6+ Kf8 24. Qg3 Qd7 25. Ng4 Nxg4 26. Qf3+ Ngf6 27.
Qxa8 Rc6 28. Qb8 Rb6 29. Qf4 1/2-1/2

[Event "ch-city"]
[Site "Milanowek"]
[Date "2009.06.22"]
[Round "3.12"]
[White "Woloszyn, Piotr"]
[Black "Kowalewska, Agata"]
[Result "1-0"]
[WhiteElo "1831"]
[BlackElo "1647"]
[PlyCount "53"]
[EventDate "2009.06.20"]
[EventRounds "9"]
[EventCountry "POL"]

1. e4 c5 2. Nc3 Nc6 3. f4 e6 4. Nf3 Qc7 5. g3 d6 6. Bg2 Be7 7. O-O h6 8. d3 a6
9. a4 Bf6 10. Kh1 g5 11. e5 dxe5 12. fxg5 hxg5 13. Nxg5 Bxg5 14. Bxg5 e4 15.
Bf4 e5 16. Bg5 f6 17. Bxf6 Nxf6 18. Rxf6 Qg7 19. Nxe4 Bg4 20. Qf1 O-O-O 21.
Nd6+ Kb8 22. Rf7 Qh6 23. Rxb7+ Ka8 24. h4 Rxd6 25. Qf7 Bc8 26. Ra7+ Kb8 27.
Qc7# 1-0

[Event "ch-city"]
[Site "Milanowek"]
[Date "2009.06.22"]
[Round "3.14"]
[White "Paziewski, Marcin"]
[Black "Tulwin, Michal"]
[Result "0-1"]
[WhiteElo "1818"]
[BlackElo "1808"]
[PlyCount "98"]
[EventDate "2009.06.20"]
[EventRounds "9"]
[EventCountry "POL"]

1. d4 Nf6 2. c4 g6 3. Nc3 Bg7 4. e4 d6 5. Nf3 Nh5 6. Be2 f5 7. exf5 Bxf5 8. h3
Nf6 9. Be3 Nbd7 10. g4 Be6 11. Ng5 Bg8 12. d5 c6 13. Ne6 Bxe6 14. dxe6 Nf8 15.
g5 Ng8 16. Bg4 h5 17. Qf3 Nf6 18. Ne4 hxg4 19. gxf6 exf6 20. Qxg4 f5 21. Qf3
Nxe6 22. Nc3 Qa5 23. Bd2 O-O-O 24. Nd5 Qc5 25. Ne7+ Kb8 26. O-O Nd4 27. Qd3 Bf6
28. Bc3 Rh7 29. Rad1 Rxh3 30. Bxd4 Rxd3 31. Bxc5 Rxd1 32. Rxd1 Bxe7 33. Be3 Bf6
34. b3 Kc7 35. Kg2 a6 36. c5 dxc5 37. Rxd8 Bxd8 38. Bxc5 Bf6 39. Kf3 b6 40. Be3
c5 41. Ke2 Kc6 42. f4 Kd5 43. Kd3 Bd4 44. Bd2 b5 45. a4 bxa4 46. bxa4 c4+ 47.
Ke2 c3 48. Bc1 Ke4 49. Kd1 Be3 0-1

[Event "ch-city"]
[Site "Milanowek"]
[Date "2009.06.22"]
[Round "3.15"]
[White "Wieclawska, Katarzyna"]
[Black "Budrewicz, Henryk"]
[Result "1-0"]
[WhiteElo "1588"]
[BlackElo "1671"]
[PlyCount "119"]
[EventDate "2009.06.20"]
[EventRounds "9"]
[EventCountry "POL"]

1. d4 e6 2. c4 c5 3. Nf3 cxd4 4. Nxd4 Nc6 5. Nf3 g6 6. Nc3 a6 7. g3 Nf6 8. Bg2
Bg7 9. O-O O-O 10. Bg5 h6 11. Bf4 Re8 12. Qd2 Kh7 13. h4 d5 14. cxd5 exd5 15.
Rad1 Be6 16. Ne5 Nxe5 17. Bxe5 Ne4 18. Bxe4 Bxe5 19. Bxd5 Qe7 20. Bxe6 Qxe6 21.
Qd7 Re7 22. Qxe6 fxe6 23. f4 Bc7 24. e4 g5 25. e5 gxf4 26. gxf4 Rg8+ 27. Kh2
Rg4 28. Kh3 Reg7 29. Ne4 Bxe5 30. fxe5 Rxe4 31. Rde1 Reg4 32. Re2 Rg3+ 33. Kh2
h5 34. Rf6 R3g4 35. Rf3 Rxh4+ 36. Rh3 Rxh3+ 37. Kxh3 Kh6 38. Rf2 Rg6 39. Rf7 b5
40. b3 a5 41. a4 b4 42. Ra7 Kg5 43. Rxa5 Kf4 44. Rb5 Rg3+ 45. Kh2 Rxb3 46. a5
Rb2+ 47. Kh3 Rb1 48. a6 Kf5 49. Ra5 Rb3+ 50. Kh4 Rb2 51. a7 Kf4 52. Kxh5 Kf5
53. Kh6 Rh2+ 54. Kg7 b3 55. a8=Q Rh3 56. Rb5 Rg3+ 57. Kf7 b2 58. Rxb2 Rg4 59.
Qf3+ Rf4 60. Qxf4+ 1-0

[Event "ch-city"]
[Site "Milanowek"]
[Date "2009.06.22"]
[Round "3.17"]
[White "Kanach, Jerzy"]
[Black "Tomczyk, Ryszard"]
[Result "0-1"]
[WhiteElo "1430"]
[BlackElo "1609"]
[PlyCount "98"]
[EventDate "2009.06.20"]
[EventRounds "9"]
[EventCountry "POL"]

1. c4 g6 2. Nc3 Bg7 3. d4 Nf6 4. e4 d6 5. Be2 b6 6. Nf3 Nfd7 7. O-O Bb7 8. Be3
O-O 9. Rc1 Nc6 10. a3 e6 11. d5 Nce5 12. Nd4 Nf6 13. f4 Ned7 14. dxe6 Nc5 15.
exf7+ Rxf7 16. e5 Qe7 17. Nf3 Ncd7 18. Bf2 dxe5 19. fxe5 Nxe5 20. Nd5 Nxd5 21.
cxd5 Rd8 22. Nxe5 Qxe5 23. Bf3 Qxb2 24. Rc4 Ba6 25. Rc2 Qxa3 26. Re1 Bb7 27.
Re3 Qb4 28. Rce2 Rdf8 29. Re4 Qd6 30. Re6 Qd8 31. h3 Rd7 32. Rd2 Rf5 33. Qe2
Rf8 34. Qd3 Rf5 35. Qe4 Rf8 36. Qc4 Rxf3 37. gxf3 Bxd5 38. Rxd5 Rxd5 39. Re8+
Qxe8 40. Qxd5+ Qf7 41. Qa8+ Bf8 42. Qxa7 Bd6 43. Kg2 Qf4 44. Qa2+ Kg7 45. Qe6
Qh2+ 46. Kf1 Qh1+ 47. Ke2 Qh2 48. Kf1 Qf4 49. Kg2 Bc5 $138 0-1

[Event "ch-city"]
[Site "Milanowek"]
[Date "2009.06.23"]
[Round "4.1"]
[White "Nguyen, Piotr"]
[Black "Rudolf, Michal"]
[Result "0-1"]
[WhiteElo "2360"]
[BlackElo "2377"]
[PlyCount "108"]
[EventDate "2009.06.20"]
[EventRounds "9"]
[EventCountry "POL"]

1. d4 d5 2. c4 c6 3. Nc3 Nf6 4. Nf3 dxc4 5. a4 Bf5 6. e3 e6 7. a5 Bb4 8. Qa4
Qe7 9. Bxc4 Nbd7 10. O-O O-O 11. Ne5 Nxe5 12. dxe5 Ng4 13. Na2 Qh4 14. h3 Nxe5
15. f4 Nxc4 16. Qxb4 Bd3 17. Rd1 Be2 18. Re1 c5 19. Qc3 Bh5 20. e4 Rad8 21. b3
Rd3 22. Qxd3 Qxe1+ 23. Kh2 Nxa5 24. Bb2 Qf2 25. Qc3 f6 26. Bc1 Qd4 27. Be3 Qxc3
28. Nxc3 b6 29. Nb5 Rd8 30. Nxa7 Nxb3 31. Ra6 Rd3 32. Bg1 Nd2 33. g4 Bg6 34. f5
exf5 35. exf5 Nf3+ 36. Kg2 Nxg1 37. Kxg1 Be8 38. Rxb6 Rxh3 39. Rb8 Kf7 40. Kf2
Rd3 41. Rc8 Rd5 42. Rc7+ Rd7 43. Nb5 Rxc7 44. Nxc7 Bd7 45. Ke3 h5 46. gxh5 Bxf5
47. Na6 c4 48. Kd4 Bd3 49. Nc7 Kg8 50. Ne6 Kh7 51. Kc3 Kh6 52. Kd4 Bh7 53. Nf4
Bg8 54. Ke4 Bf7 0-1

[Event "ch-city"]
[Site "Milanowek"]
[Date "2009.06.23"]
[Round "4.2"]
[White "Grochulski, Grzegorz"]
[Black "Matuszewski, Michal"]
[Result "0-1"]
[WhiteElo "1949"]
[BlackElo "2316"]
[PlyCount "74"]
[EventDate "2009.06.20"]
[EventRounds "9"]
[EventCountry "POL"]

1. e4 g6 2. d4 Bg7 3. Nc3 d6 4. f4 c6 5. Nf3 b5 6. Bd3 Bg4 7. Be3 Qb6 8. a4 b4
9. a5 Qc7 10. Nb1 c5 11. c3 Nd7 12. h3 Bxf3 13. Qxf3 Rb8 14. O-O bxc3 15. Nxc3
cxd4 16. Nb5 Qb7 17. Nxd4 a6 18. b4 e5 19. Bxa6 Qxa6 20. b5 Qa8 21. Nc6 Rxb5
22. fxe5 f6 23. Qg4 Qxc6 24. Qe6+ Ne7 25. exf6 Bxf6 26. Rxf6 Qc3 27. Rf7 Qxa1+
28. Kf2 Rb2+ 29. Kg3 Qe1+ 30. Bf2 Qc3+ 31. Kh4 g5+ 32. Kh5 Nf6+ 33. Rxf6 Qe5
34. Qf7+ Kd7 35. g4 Rb3 36. Rxd6+ Qxd6 37. Qxb3 Qg6# 0-1

[Event "ch-city"]
[Site "Milanowek"]
[Date "2009.06.23"]
[Round "4.3"]
[White "Adamski, Jan"]
[Black "Borowicz, Przemyslaw"]
[Result "1-0"]
[WhiteElo "2300"]
[BlackElo "1996"]
[PlyCount "109"]
[EventDate "2009.06.20"]
[EventRounds "9"]
[EventCountry "POL"]

1. Nf3 Nf6 2. c4 c6 3. Nc3 d5 4. e3 e6 5. d4 Nbd7 6. Qc2 Bd6 7. b3 O-O 8. Be2
e5 9. cxd5 Nxd5 10. Nxd5 cxd5 11. dxe5 Nxe5 12. Bb2 Nxf3+ 13. Bxf3 Bb4+ 14. Kf1
Be6 15. h4 Rc8 16. Qd3 Be7 17. g3 Bf6 18. Bd4 Bxd4 19. Qxd4 Rc2 20. Kg2 Qa5 21.
a4 Rd2 22. b4 Rxd4 23. bxa5 Rc4 24. Rhb1 Rc7 25. Rb4 Rd8 26. Rab1 Rc5 27. Rb5
Rxb5 28. Rxb5 Bc8 29. Bxd5 b6 30. axb6 axb6 31. e4 Bd7 32. Rb4 Kf8 33. Kf3 Ke7
34. Ke3 f6 35. h5 Rc8 36. Rxb6 Bxa4 37. h6 gxh6 38. Re6+ Kf8 39. Rxf6+ Kg7 40.
Ra6 Bb5 41. Ra5 Bf1 42. Ra7+ Kg6 43. e5 Kf5 44. Be4+ Kxe5 45. f4+ Kf6 46. Rxh7
Rc3+ 47. Kf2 Bb5 48. Rxh6+ Kg7 49. Rg6+ Kf7 50. Rb6 Bd7 51. Rb7 Ke6 52. Bf5+
Kxf5 53. Rxd7 Ra3 54. Rd5+ Kf6 55. Re5 1-0

[Event "ch-city"]
[Site "Milanowek"]
[Date "2009.06.23"]
[Round "4.4"]
[White "Alvarado, Carlos"]
[Black "Staniak, Mariusz"]
[Result "1-0"]
[WhiteElo "2184"]
[BlackElo "1949"]
[PlyCount "61"]
[EventDate "2009.06.20"]
[EventRounds "9"]
[EventCountry "POL"]

1. d4 Nf6 2. c4 e6 3. Nf3 d5 4. Nc3 Be7 5. Bf4 O-O 6. e3 c5 7. dxc5 Bxc5 8. Qc2
Qa5 9. a3 Nbd7 10. Rc1 dxc4 11. Bxc4 Be7 12. O-O a6 13. Qd2 Qd8 14. Rfd1 b5 15.
Ba2 Bb7 16. Qe2 Qb6 17. e4 Rfe8 18. e5 Nd5 19. Nxd5 Bxd5 20. Bxd5 exd5 21. Rxd5
Qe6 22. Rd2 Rac8 23. Rdc2 Rxc2 24. Qxc2 Qg4 25. Be3 h6 26. h3 Qe6 27. Qc6 Bg5
28. Qxe6 Rxe6 29. Rc8+ Nf8 30. Nxg5 hxg5 31. Bc5 1-0

[Event "ch-city"]
[Site "Milanowek"]
[Date "2009.06.23"]
[Round "4.5"]
[White "Szymczak, Rafal"]
[Black "Woloszyn, Piotr"]
[Result "0-1"]
[WhiteElo "2025"]
[BlackElo "1831"]
[PlyCount "92"]
[EventDate "2009.06.20"]
[EventRounds "9"]
[EventCountry "POL"]

1. f4 e5 2. fxe5 d6 3. exd6 Bxd6 4. Nf3 g5 5. g3 g4 6. Nh4 Be7 7. Ng2 h5 8. Nf4
h4 9. Bg2 Nf6 10. d3 Qd6 11. Nc3 c6 12. e4 hxg3 13. hxg3 Rxh1+ 14. Bxh1 Qb4 15.
Qd2 Nbd7 16. Nce2 Qb6 17. d4 a5 18. c3 a4 19. Qc2 Nf8 20. Be3 Qa5 21. O-O-O Bd7
22. d5 Bc5 23. Bxc5 Qxc5 24. Nd4 cxd5 25. Nxd5 Nxd5 26. exd5 O-O-O 27. Qf2 Ng6
28. Re1 a3 29. Kb1 f5 30. b4 Qb6 31. Qe3 Qd6 32. Qf2 Rh8 33. Nxf5 Qf8 34. Be4
Kb8 35. Qf1 Rh2 36. Bc2 Qf6 37. Nd4 Rf2 38. Qh1 Ne5 39. d6 Nf3 40. Nxf3 Qxc3
41. Re8+ Bxe8 42. Qc1 gxf3 43. d7 Qxb4+ 44. Ka1 Bxd7 45. g4 Rf1 46. Bd1 Rxd1
0-1

[Event "ch-city"]
[Site "Milanowek"]
[Date "2009.06.23"]
[Round "4.6"]
[White "Zochowski, Wieslaw"]
[Black "Goslawski, Michal"]
[Result "1/2-1/2"]
[WhiteElo "1812"]
[BlackElo "1999"]
[PlyCount "59"]
[EventDate "2009.06.20"]
[EventRounds "9"]
[EventCountry "POL"]

1. e4 c5 2. Nf3 d6 3. d4 cxd4 4. Nxd4 Nf6 5. Nc3 Nc6 6. Be2 g6 7. O-O Bg7 8.
Be3 O-O 9. a3 Bd7 10. Rb1 Rc8 11. h3 Ne5 12. f4 Nc4 13. Bxc4 Rxc4 14. Qd3 Rc8
15. Nd5 Nxd5 16. exd5 Qc7 17. c3 a6 18. Qd2 Qc4 19. Nf3 h5 20. Rbd1 Ba4 21.
Rde1 Bb3 22. Bd4 Rce8 23. Bxg7 Kxg7 24. Nd4 Qxd5 25. Nxb3 Qxb3 26. f5 Qb6+ 27.
Kh1 $11 e5 28. Qg5 e4 29. Re3 Qd8 30. Qxd8 1/2-1/2

[Event "ch-city"]
[Site "Milanowek"]
[Date "2009.06.23"]
[Round "4.8"]
[White "Ponceleusz, Bronislaw"]
[Black "Chmielewska, Joanna"]
[Result "1-0"]
[WhiteElo "1965"]
[BlackElo "1671"]
[PlyCount "147"]
[EventDate "2009.06.20"]
[EventRounds "9"]
[EventCountry "POL"]

1. c4 c6 2. Nf3 Nf6 3. b3 d5 4. e3 Bf5 5. Bb2 e6 6. Be2 h6 7. O-O Be7 8. d3 O-O
9. Nc3 Nbd7 10. Rc1 Re8 11. Qd2 dxc4 12. bxc4 Nc5 13. Rfd1 Qc7 14. Nd4 Bg6 15.
Nb3 Rad8 16. Nxc5 Bxc5 17. Na4 Be7 18. f4 Ne4 19. Qe1 Nc5 20. Nxc5 Bxc5 21. d4
Bf8 22. Bf3 Qe7 23. c5 Qc7 24. Bc3 Qd7 25. a4 f6 26. a5 a6 27. e4 Qc7 28. Qg3
Kh7 29. e5 f5 30. Kh1 Rd7 31. h4 Red8 32. h5 Bf7 33. Rg1 Rxd4 34. Bxd4 Rxd4 35.
Rgd1 Rxd1+ 36. Bxd1 Qxa5 37. Qc3 Qb5 38. Bf3 a5 39. Ra1 a4 40. Qa3 Bxc5 41.
Qxa4 Qxa4 42. Rxa4 b6 43. Bxc6 Bxh5 44. Bd7 Bf7 45. Ra8 g5 46. g3 gxf4 47. gxf4
Be3 48. Ra4 Kg6 49. Kg2 Bc5 50. Kg3 Kg7 51. Ra8 Kg6 52. Rc8 Kh5 53. Rc6 Bb4 54.
Bxe6 Bxe6 55. Rxe6 Bc5 56. Rf6 b5 57. Rxf5+ Kg6 58. Rf6+ Kg7 59. Rc6 Bf8 60.
Rb6 b4 61. f5 Kf7 62. Rb7+ Ke8 63. f6 Bc5 64. Kf4 Kd8 65. e6 Kc8 66. e7 Kxb7
67. e8=Q Kb6 68. f7 Ka5 69. Qa8+ Kb5 70. f8=Q Bxf8 71. Qxf8 h5 72. Kg5 b3 73.
Qf2 Kc4 74. Qb2 1-0

[Event "ch-city"]
[Site "Milanowek"]
[Date "2009.06.23"]
[Round "4.9"]
[White "Borowicz, Miroslaw"]
[Black "Lasota, Adam"]
[Result "1-0"]
[WhiteElo "1858"]
[BlackElo "1753"]
[PlyCount "167"]
[EventDate "2009.06.20"]
[EventRounds "9"]
[EventCountry "POL"]

1. d4 d5 2. c4 e6 3. Nc3 c5 4. e3 Nf6 5. Nf3 Nc6 6. a3 a6 7. Bd3 Bd6 8. cxd5
exd5 9. dxc5 Bxc5 10. b4 Ba7 11. Bb2 O-O 12. O-O b5 13. h3 d4 14. Nxd4 Nxd4 15.
exd4 Bxd4 16. Qf3 Be6 17. Rad1 Bb3 18. Rd2 Qb6 19. Na4 bxa4 20. Bxd4 Qe6 21.
Bxf6 Qxf6 22. Qxf6 gxf6 23. Be4 Rad8 24. Rxd8 Rxd8 25. Rc1 Rd4 26. f3 Bc4 27.
Rc3 Bb5 28. Kf2 Rd2+ 29. Kg3 Kg7 30. Rc2 Rd6 31. Kf4 h6 32. Ke3 Rd1 33. f4 Kf8
34. Rc3 Ke7 35. Bd3 Rg1 36. Kf2 Rd1 37. Be4 Kd6 38. Kg3 Re1 39. Bf3 f5 40. Kh4
Rb1 41. Rc2 Ra1 42. Rc3 Rb1 43. Bb7 Rb3 44. Rg3 Ke6 45. Bc8+ Kf6 46. Bb7 Ke6
47. Rf3 Bc4 48. Bc6 Bd3 49. Bxa4 Rc3 50. Bc2 Rxc2 51. Rxd3 Rxg2 52. Rb3 Kd5 53.
Kh5 Rg6 54. Re3 Kc4 55. Re5 Rf6 56. Rc5+ Kb3 57. b5 axb5 58. Rxb5+ Kxa3 59. Rb8
Rc6 60. Rf8 Rc4 61. Kxh6 Rxf4 62. Kg5 Rf3 63. h4 Rg3+ 64. Kxf5 Rf3+ 65. Kg4 Rf1
66. h5 Rg1+ 67. Kf5 Rf1+ 68. Kg5 Rg1+ 69. Kf6 Rf1+ 70. Kg7 Rg1+ 71. Kxf7 Rf1+
72. Kg7 Rg1+ 73. Kh7 Kb4 74. h6 Kc5 75. Rf6 Kd5 76. Rg6 Ra1 77. Kg7 Ra7+ 78.
Kf6 Ra6+ 79. Kf5 Ra1 80. Rg5 Ra6 81. h7 Rh6 82. Kg4+ Ke6 83. Rh5 Rg6+ 84. Kh4
1-0

[Event "ch-city"]
[Site "Milanowek"]
[Date "2009.06.23"]
[Round "4.10"]
[White "Rozycki, Wojciech"]
[Black "Kowalik, Pawel"]
[Result "0-1"]
[WhiteElo "1614"]
[BlackElo "1846"]
[PlyCount "68"]
[EventDate "2009.06.20"]
[EventRounds "9"]
[EventCountry "POL"]

1. e4 e5 2. Nf3 Nc6 3. d4 exd4 4. Nxd4 Bc5 5. Be3 Qf6 6. c3 Nge7 7. Nc2 Bxe3 8.
Nxe3 d6 9. Be2 O-O 10. Nd2 Be6 11. O-O d5 12. Bg4 dxe4 13. Nxe4 Qg6 14. Nc5
Bxg4 15. Nxg4 b6 16. Nd3 Rfd8 17. Nge5 Nxe5 18. Nxe5 Rxd1 19. Nxg6 Rxf1+ 20.
Kxf1 hxg6 21. Rd1 Kf8 22. Rd7 Rc8 23. Ke2 Ke8 24. Rd4 Rd8 25. Rh4 c5 26. Ra4
Nc6 27. Re4+ Kd7 28. Kf3 Re8 29. Rf4 Kd6 30. g3 g5 31. Rf5 f6 32. Kg4 Re2 33.
h4 Ne5+ 34. Kh5 g6+ 0-1

[Event "ch-city"]
[Site "Milanowek"]
[Date "2009.06.23"]
[Round "4.11"]
[White "Tulwin, Michal"]
[Black "Kowalewska, Agata"]
[Result "1-0"]
[WhiteElo "1808"]
[BlackElo "1647"]
[PlyCount "61"]
[EventDate "2009.06.20"]
[EventRounds "9"]
[EventCountry "POL"]

1. e4 c5 2. Nf3 Nc6 3. d4 cxd4 4. Nxd4 Nf6 5. Nc3 e6 6. Be3 a6 7. f3 Qc7 8. Qd2
Be7 9. g4 b5 10. O-O-O Bb7 11. g5 Nh5 12. Nb3 Rc8 13. Nc5 Bxc5 14. Bxc5 Ne5 15.
Bd6 Nxf3 16. Qe2 Qa5 17. Qxf3 b4 18. Bxb4 Qxb4 19. Qxh5 Bxe4 20. Nxe4 Qxe4 21.
Bd3 Qa4 22. g6 Qxa2 23. gxf7+ Kf8 24. Qe5 Kxf7 25. Rhf1+ Kg8 26. Rg1 g6 27.
Bxg6 hxg6 28. Rxg6+ Kf7 29. Qg7+ Ke8 30. Qxd7+ Kf8 31. Rf1# 1-0

[Event "ch-city"]
[Site "Milanowek"]
[Date "2009.06.23"]
[Round "4.12"]
[White "Tomczyk, Ryszard"]
[Black "Rozowski, Marcin"]
[Result "0-1"]
[WhiteElo "1609"]
[BlackElo "1795"]
[PlyCount "110"]
[EventDate "2009.06.20"]
[EventRounds "9"]
[EventCountry "POL"]

1. d4 Nf6 2. c4 g6 3. Nc3 d5 4. cxd5 Nxd5 5. g3 Bg7 6. Bg2 Nxc3 7. bxc3 O-O 8.
Nf3 c5 9. O-O Nc6 10. Bb2 Qb6 11. Qd2 Rd8 12. e3 Bg4 13. Rfd1 Rac8 14. h3 Bf5
15. Nh4 Be6 16. d5 Bxd5 17. Bxd5 e6 18. e4 exd5 19. exd5 Ne5 20. Qc2 c4 21.
Rab1 Qf6 22. Qe4 Nd3 23. Rxd3 cxd3 24. c4 Qa6 25. Bxg7 Kxg7 26. Qd4+ Kg8 27. c5
Qxa2 28. Rxb7 Qxd5 29. Qxd5 Rxd5 30. Rb1 Rcxc5 31. Kf1 d2 32. Rd1 Rc1 33. Ke2
Rxd1 34. Kxd1 a5 35. Nf3 Kg7 36. Nxd2 Kf6 37. Kc2 Rxd2+ 38. Kxd2 Ke5 39. Kd3 a4
40. f3 g5 41. Kc4 f5 42. Kb4 Kd4 43. Kxa4 Ke3 44. g4 f4 45. Kb3 Kxf3 46. Kc3
Ke2 47. Kd4 f3 48. Ke4 f2 49. Kf5 f1=Q+ 50. Kxg5 Qxh3 51. Kf4 Qh6+ 52. g5 Qg6
53. Kg4 Ke3 54. Kh4 Kf3 55. Kh3 Qh5# 0-1